駅利用者数ランキングTOP100(千葉県) - Statistics

General Stats
  • This quiz has been taken 619 times
  • The average score is 63 of 100
Answer Stats
駅名 利用者数 % Correct
5 千葉 225302
100%
3 船橋 363770
99%
1 西船橋 614797
98%
4 松戸 269692
97%
2 369291
96%
59 成田 29718
96%
12 市川 109782
95%
8 舞浜 152312
91%
11 海浜幕張 110392
90%
39 成田空港 41478
90%
60 幕張 29556
90%
7 津田沼 175640
89%
24 蘇我 62656
88%
27 我孫子 55754
88%
6 本八幡 117453
87%
10 流山おおたかの森 145010
85%
16 稲毛 90328
85%
14 新浦安 100760
84%
21 新松戸 70376
84%
36 南船橋 43356
83%
87 佐倉 17482
83%
19 浦安 76578
82%
66 木更津 25180
82%
15 京成津田沼 99627
81%
22 幕張本郷 67499
81%
33 千葉みなと 48356
80%
43 西千葉 40130
80%
9 南流山 147026
79%
23 東松戸 65698
78%
25 南柏 60038
78%
42 四街道 40166
77%
13 新鎌ヶ谷 103831
76%
47 東船橋 39170
76%
55 北柏 34332
76%
68 新習志野 23310
76%
46 稲毛海岸 39180
75%
52 船橋法典 34612
73%
17 京成船橋 88095
72%
67 本千葉 24600
72%
95 市川塩浜 15440
72%
51 五井 35788
69%
58 京成千葉 30276
69%
61 検見川浜 28938
69%
31 馬橋 49044
68%
45 北松戸 39408
68%
29 都賀 49768
67%
35 下総中山 43448
67%
40 新検見川 40844
67%
34 新八柱 46292
66%
20 勝田台 73564
65%
28 行徳 52701
64%
32 妙典 48489
64%
53 京成成田 34539
64%
57 天王台 31968
63%
38 北小金 42644
62%
91 京成佐倉 16281
62%
30 南行徳 49381
61%
64 原木中山 26349
61%
71 市川大野 21888
61%
75 鎌ヶ谷 21065
61%
89 大網 17160
61%
26 新津田沼 59471
60%
84 茂原 18336
60%
77 ユーカリが丘 20631
58%
81 千葉中央 19367
58%
56 京成八幡 33920
57%
18 北習志野 79512
56%
37 八千代台 42892
56%
62 千葉ニュータウン中央 28838
56%
85 姉ヶ崎 17996
56%
41 八柱 40771
54%
48 柏の葉キャンパス 37448
54%
49 鎌取 37258
54%
72 土気 21874
50%
50 八千代緑が丘 37235
48%
73 八千代中央 21827
47%
98 柏たなか 15130
47%
100 浜野 14530
44%
54 京成大久保 34389
43%
83 船橋競馬場 18408
43%
44 空港第2ビル 39640
42%
74 八幡宿 21452
41%
90 京成臼井 16549
41%
79 新柏 20030
40%
69 実籾 23144
39%
76 運河 20859
39%
78 飯山満 20140
39%
80 船橋日大前 19802
38%
96 高柳 15340
34%
99 豊四季 14965
31%
65 馬込沢 25208
26%
63 五香 27202
25%
70 江戸川台 22688
25%
88 塚田 17397
25%
86 常盤平 17832
21%
82 初石 18431
20%
92 二和向台 16148
20%
94 元山 15494
19%
97 梅郷 15138
18%
93 川間 15646
16%
No matching quizzes found
Score Distribution
Percent of People with Each Score
Percentile by Number Answered
Your Score History
You have not taken this quiz